000 00733nam a2200277Ia 4500
005 20251020182500.0
008 200515s9999 xx 000 0 und d
020 _a978-987-584-269-4
082 _a624.932/C28/2010/3
100 _aBattaglia, Marisa A.
100 _aEnrique Castro, Mario
245 0 _aRecursos para el Diseño de Estructuras Resistentes. Hormigón Armado. Tomo 3
250 _a1a ed.
260 _aBuenos Aires
260 _bNobuko
260 _c2010
300 _a352 p.
300 _bil., tbl., graf.
500 _a1 ejemplar. Tomo III
650 _aARQUITECTURA
650 _aCONCRETO ARMADO
650 _aEDUCACION UNIVERSITARIA
650 _aESTRUCTURAS
942 _cLIB
999 _c1125
_d1125